000 00773nam a2200217 i 4500
001 78107
003 ES-MaACL
005 20250730075603.0
007 t|
008 041011s1949 ag ||||1| spa d
100 1 _aHanke, Lewis.
_961729
245 1 3 _aLa lucha por la justicia en la conquista de América /
_cLewis Hanke ; traducción de Ramón Iglesia.
260 _aBuenos Aires :
_bEditorial Sudamericana,
_c[1949] (
_fHays Bell)
300 _a571 p., 4 lám. ;
_c21 cm.
650 4 _aIndios de América-
_xEstatuto jurídico.
_9149210
650 0 4 _aIndios de América-
_xTrato recibido-
_yS.XVI
_913675
651 4 _aAmérica española-
_xColonización.
_97721
700 1 _aIglesia, Ramón.
_965061
852 _aES-MaACL
_jD-6024
_bR.30117
999 _c78107
_d78107